000 00830nam a2200253Ia 4500
003 OSt
005 20220930085314.0
006 a|||||r|||| 00| 0
007 ta
008 220926b |||||||| |||| 00| 0 eng d
024 _a95064
037 _cTheses
040 _aCRL
_cCRL
_beng
041 _2eng
_aeng
100 _aPandey Himanshu
_9539924
110 _aUniversity of Delhi. Faculty of Medical Sciences. Department of Surgery
245 0 _aEvaluation of bladder dysfunction in patients of benign prostatic hyperplasia with associated diabetes mellitus
260 _c2007
650 _aSURGERY
700 _a Dr. Tapan Sinha Gu.
_9539925
700 _aUniversity of Delhi. Faculty of Medical Sciences. Department of Surgery
942 _cDIS
_2CC
999 _c878688
_d878688